000 00508nam a2200181 i 4500
001 21734
003 ES-MaACL
005 20231220204004.0
007 t|
008 021127s1954 sp ||||1| spa d
100 1 _aAleixandre, Vicente,
_d1898-1984
_919688
245 1 0 _aHistoria del corazón /
_cVicente Aleixandre.
260 _aMadrid :
_bEspasa-Calpe,
_c1954.
300 _a205 p. ;
_c20 cm.
852 _aES-MaACL
_jR-3421
_bR.37042
852 _aES-MaACL
_jC-9263
_bR.36131
999 _c21734
_d21734